| 000 | 00626cab a2200181 4500 | ||
|---|---|---|---|
| 001 | WB2529-23 | ||
| 008 | 090401t1989 xxu||||| |||| 00| 0 eng d | ||
| 035 | _a(Sirsi) u80895 | ||
| 041 | _aeng | ||
| 245 | _a£1bn worth of takeover bids | ||
| 260 | _c1989 | ||
| 350 | _a0 | ||
| 490 |
_aSunday Telegraph _v23/7/89 p28 (2) |
||
| 520 | _aThat property companies are paying back loans when rental growth has come to an end, has contributed to the takeover bids, in the last week, for companies such as Imry , Arlington Securities and Randsworth . | ||
| 690 | _aPROPERTY LAW AND PRACTICE | ||
| 942 | _n0 | ||
| 948 | _c04/03/1997 | ||
| 999 |
_c50943 _d50943 |
||